000 01320nam0a2200337 4500
001 RU\NLR\BIBL_A\011409797
005 20260406145515.0
010 _a978-5-699-92684-8
_98 000
021 _aRU
_b2017-38767
_92827
035 _a(RuMoRGB)008896017
035 _a(NLR Aleph) 011409797
090 _a11551366
_c11551366
100 _a20170619d2017 |||y0rusy50 ca
101 1 _arus
_ceng
102 _aRU
105 _ay z 000ay
200 1 _aНад пропастью во ржи
_aЛовец на хлебном поле
_e[перевод с английского]
_fДж. Д. Сэлинджер
210 _aМосква
_cLike book
_cЭ
_d2017
215 _a278, 298 с. встреч. паг.
_d18
225 1 _a#правильные_книги
309 _aКн.-перевертыш
333 _a18+
455 1 _12000#$aThe catcher in the rye
_1700#0$aSalinger$bJ. D.$f1919-2010$gJerome David$3RU\NLR\AUTH\774718
_tThe catcher in the rye
_aSalinger, Jerome David (1919-2010)
686 _aШ5(7США)62-644
_2rubbk
686 1 _aШ6(7США)67-440.4(Лх1979-50)
700 1 _8rus
_7ca
_aСэлинджер
_bД. Д.
_f1919-2010
_gДжером Дейвид
_3RU\NLR\auth\774717
_9114694
942 _cBOOK
980 _aNBR
980 _aNB